Statistics for Guess Every Diary of a Wimpy Kid book

Click here to take the quiz!

General Stats

  • This quiz has been taken 25 times
    (18 since last reset)
  • The average score is 12 of 18

Answer Stats

Answer% Correct
Cabin Fever
88%
Rodrick Rules
88%
Dog Days
81%
The Last Straw
81%
Diary of a Wimpy Kid
75%
The Long Haul
75%
The Deep End
69%
The Ugly Truth
69%
Big Shot
63%
Double Down
63%
Hard Luck
63%
Old School
63%
The Meltdown
63%
Wrecking Ball
63%
No Brainer
56%
The Getaway
56%
The Third Wheel
56%
Diper Överlöde
44%

Score Distribution

Percentile by Number Answered

Percent of People with Each Score

Your Score History

You have not taken this quiz since the last reset